[Event "Ch Georgia (juniors) (under 20)"]
[Site "masterchessopen.com Tbilisi (Georgia)"]
[Date "2002.03.22"]
[Round "4"]
[White "Jobava Beglar (GEO)"]
[Black "Giorgadze Giorgi (GEO)"]
[Result "1-0"]
[WhiteElo "2353"]
[BlackElo "2601"]

1.d4 Nf6 2.c4 e6 3.Nc3 Bb4 4.e3 O-O 5.Bd3 d5 6.Nf3 b6 7.O-O Bb7 8.cxd5 exd5
9.a3 Bd6 10.Qc2 Re8 11.Nb5 a6 12.Nxd6 Qxd6 13.b4 Nbd7 14.Bb2 Ne4 15.Rac1 Rac8
16.Ne5 Nxe5 17.dxe5 Qh6 18.Qe2 c5 19.f3 c4 20.Bxe4 dxe4 21.f4 b5 22.f5 Rcd8
23.Bd4 Qg5 24.f6 g6 25.Rcd1 h5 26.Qb2 Qg4 27.Ra1 Bc6 28.Qc3 Rd7 29.Rf2 Red8
30.Raf1 Re8 31.Ra1 Red8 32.Re1 Re8 33.Ref1 Red8 34.Qe1 Rxd4 35.exd4 Rxd4
36.Qe3 Rd1 37.Qh6 Rxf1+ 38.Rxf1 {#r} 1-0

[Event "Ch Germany (seniors) (open)"]
[Site "masterchessopen.com Bad Wiessee (Germany)"]
[Round "9"]
[White "Krueger Erich (GER)"]
[Black "Nietsch Horst (GER)"]
[Result "1-0"]
[WhiteElo "2242"]
[BlackElo "2078"]

1.d4 Nf6 2.c4 e6 3.Nc3 Bb4 4.e3 d5 5.Nf3 O-O 6.Bd3 b6 7.O-O Bb7 8.a3 Bxc3
9.bxc3 Nbd7 10.cxd5 exd5 11.c4 c5 12.Bb2 Re8 13.Rc1 Qe7 14.cxd5 Bxd5 15.a4
cxd4 16.Nxd4 Qe5 17.Qe2 Qg5 18.Nf3 Qg4 19.Bb5 a6 20.h3 Qh5 21.Bc6 Bxc6 22.Rxc6
b5 23.Qc2 bxa4 24.Ra1 h6 25.Rxa4 Qb5 26.Nd4 Qb7 27.Nf5 Reb8 28.Nxh6+ Kf8
29.Ba3+ Ke8 30.Re4+ {#r} 1-0

[Event "It (open)"]
[Site "masterchessopen.com Batumi (Georgia)"]
[Round "2"]
[White "Jamagidze Mikheil (GEO)"]
[Black "Dzagnidze Nana (GEO)"]
[Result "1-0"]
[WhiteElo "2258"]
[BlackElo "2484"]

1.c4 Nf6 2.Nc3 e6 3.Nf3 d5 4.d4 Bb4 5.e3 O-O 6.Bd3 b6 7.O-O Bb7 8.a3 Be7 9.b4
dxc4 10.Bxc4 Nbd7 11.Bb2 c5 12.dxc5 bxc5 13.b5 Qc7 14.Be2 Ng4 15.g3 Nb6 16.Nd2
Nf6 17.Qc2 Rac8 18.e4 Rfd8 19.a4 Nbd7 20.Nc4 a6 21.Bc1 axb5 22.axb5 Ra8 23.Bf4
e5 24.Bg5 h6 25.Bxf6 Nxf6 26.b6 Qb8 27.Rxa8 Qxa8 28.f3 Nd7 29.Qb2 Qb8 30.Ra1
Nf8 31.Nb5 Ne6 32.Qxe5 Qc8 33.Nbd6 Qc6 34.Nxb7 Qxb7 35.Ra7 Qc8 36.Rxe7 Nd4
37.b7 Nxe2+ 38.Kg2 Qb8 39.Qxb8 Rxb8 40.Rc7 Kh7 41.Na5 {#r} 1-0

[Event "Cup Chess Club"]
[Site "masterchessopen.com Brasilia (Brazil)"]
[Round "6"]
[White "Coelho Luis (BRA)"]
[Black "Coelho Paulo (BRA)"]
[Result "1-0"]
[WhiteElo "2401"]
[BlackElo "2096"]

1.d4 Nf6 2.c4 e6 3.Nc3 Bb4 4.e3 d5 5.Bd3 O-O 6.Nf3 b6 7.O-O dxc4 8.Bxc4 Bb7
9.a3 Be7 10.Qe2 Ne4 11.Bd3 Nxc3 12.bxc3 c5 13.e4 Nd7 14.Bf4 Nf6 15.a4 cxd4
16.cxd4 Rc8 17.Rfd1 Qd7 18.Bb5 Bc6 19.Ne5 Bxb5 20.axb5 Qb7 21.Nc6 Ra8 22.Ra6
{#r} 1-0

[Event "Memorial Edward Levy (open)"]
[Site "masterchessopen.com Denver (USA)"]
[Round "1"]
[White "Tidoy Pedro (PHI)"]
[Black "Ehlvest Jaan (USA)"]
[Result "1-0"]
[WhiteElo "2226"]
[BlackElo "2631"]

{ Ehlvest Jaan (EST) +0 =3 -1 } 1.d4 { 1 } 1...Nf6 2.c4 e6 3.Nc3 Bb4 4.e3 O-O
5.Bd3 d5 6.Nf3 b6 7.O-O Bb7 8.cxd5 exd5 9.Ne5 Bd6 10.f4 ( 10.Nb5 Be7 11.b3 a6
12.Nc3 Re8 13.Bb2 Nbd7 14.Qc2 Bd6 15.f4 c5 16.Na4 g6 { } ) 10...c5 { ?/= }
11.Bd2 ( 11.Qf3 Nc6 12.Bd2 cxd4 13.Nxc6 Bxc6 14.exd4 Qd7 15.f5 Rfe8 16.Bf4 Ne4
17.Bxd6 Qxd6 18.Bxe4 dxe4 19.Qe3 f6 20.d5 Bd7 21.Rad1 Re5 22.Nxe4 Qb4 23.Rd4
Qxb2 24.Rf2 Qb1+ 25.Rf1 Qc2 26.Rf2 Qb1+ 27.Rf1 Qb5 28.a4 Qa5 29.d6 Rxf5 30.Rc1
Rd8 { ...1-0, Garcia Palermo Carlos 2470 - Karpov Anatoly 2700 , Mar del Plata
1982 It (cat.13) } ) 11...Nc6 { } 12.Nb5 { N } ( 12.Qf3 cxd4 13.Nxc6 Bxc6
14.exd4 Qd7 15.f5 Rfe8 16.Bf4 ( 16.Bg5 Ne4 17.Bxe4 dxe4 18.Qg4 Kh8 19.d5 Bb7
20.Nxe4 Be5 21.Rad1 Bxb2 22.Qe2 f6 23.Qxb2 Rxe4 24.Bf4 Ba6 25.Rf2 Qxd5 26.Qd2
Qxf5 27.Bb8 Qg6 28.Rf4 Rxb8 { 0-1, Georgiev Vladimir 2502 - Ibragimov Ildar
2576 , Chicago 2002 It (open) } ) 16...Ne4 17.Bxd6 Qxd6 18.Bxe4 dxe4 19.Qe3 f6
20.d5 Bd7 21.Rad1 Re5 22.Nxe4 Qb4 23.Rd4 Qxb2 24.Rf2 Qb1+ 25.Rf1 Qc2 26.Rf2
Qb1+ 27.Rf1 Qb5 28.a4 Qa5 29.d6 Rxf5 30.Rc1 Rd8 31.Rc7 Re5 { ...1-0, Garcia
Palermo Carlos 2470 - Karpov Anatoly 2700 , Mar del Plata 1982 It (cat.13) } )
( 12.Rc1 a6 13.Rf3 g6 14.Be1 cxd4 15.Nxc6 Bxc6 16.exd4 Ne4 17.f5 b5 18.Bb1 b4
19.Ne2 Rc8 20.Ng3 Qg5 21.fxg6 hxg6 22.b3 f5 23.Nf1 Bd7 24.Rxc8 Rxc8 25.Bc2 Qf6
26.h3 Bf8 27.Bg3 Nxg3 28.Nxg3 Bg7 29.Ne2 Bb5 30.Bd3 Bxd3 31.Qxd3 a5 {
...1/2-1/2, Bohm Hans 2390 - Stehouwer Coen 2285 , Leeuwarden 1981 Ch
Netherlands } ) ( 12.Be1 cxd4 13.exd4 Nxd4 14.Bh4 Ne6 15.Bb5 Kh8 16.Nd7 Rg8
17.Ne4 Be7 18.Ne5 Qf8 19.Ng5 Nxg5 20.fxg5 Bd6 21.Nxf7+ Qxf7 22.gxf6 Be5 23.Rc1
gxf6 24.Bc6 Rg6 25.Bxb7 Qxb7 26.Rc2 Qd7 27.Qf3 Rd8 28.Rd2 Qd6 29.Kh1 Rh6 30.g3
Rg6 31.Rfd1 d4 { ...1/2-1/2, Lehmann Heinz G 2420 - Donner Jan Hein 2500 ,
Palma de Majorca 1967 It } ) ( 12.Ng4 Nb4 13.Bb1 Ba6 14.Nxf6+ Qxf6 15.Rf3 Bb7
16.a3 cxd4 17.axb4 dxc3 18.Bxc3 Qe7 19.Rg3 f6 20.Qh5 g5 21.Rh3 Rf7 22.fxg5 Be5
23.Bg6 { 1-0, Leserer H - Kievelitz Bernd 2265 , Germany 1986 corr. } )
12...Be7 13.Rc1 a6 14.Nxc6 { ?! } ( 14.Nc3 { !? } 14...cxd4 15.Nxc6 Bxc6
16.exd4 { } ) 14...Bxc6 15.Nc3 Re8 16.Rf3 cxd4 { ?! } ( 16...c4 { !? } 17.Bf5
b5 18.Rh3 g6 { } ) 17.exd4 Ne4 18.Rh3 Bf6 19.Be3 Bd7 20.g4 g6 21.Nxd5 Bxg4
22.Qxg4 Qxd5 23.Bc4 Qd6 24.f5 Bxd4 25.fxg6 hxg6 { ?? } ( { ? } 25...Bxe3+
26.Rxe3 Qxg6 27.Qxg6+ hxg6 { } ) 26.Rd1 Bxe3+ 27.Rxe3 Nd2 28.Rxd2 { } {#r} 1-0

[Event "Ch Russia"]
[Site "masterchessopen.com Krasnoyarsk (Russia)"]
[Round "4"]
[White "Lugovoi Aleksei (RUS)"]
[Black "Balashov Yuri S (RUS)"]
[Result "1-0"]
[WhiteElo "2550"]
[BlackElo "2469"]

1.d4 Nf6 2.c4 e6 3.Nc3 Bb4 4.e3 O-O 5.Bd3 d5 6.Nf3 b6 7.a3 Bd6 8.e4 dxe4
9.Nxe4 Bb7 10.Nxf6+ Qxf6 11.Bg5 Bxf3 12.Qd2 {#r} 1-0

[Event "Ch Commonwealth"]
[Site "masterchessopen.com Mumbai (India)"]
[Round "9"]
[White "Safin Shukhrat (UZB)"]
[Black "Harikrishna P (IND)"]
[Result "0-1"]
[WhiteElo "2466"]
[BlackElo "2612"]

1.d4 Nf6 2.c4 e6 3.Nc3 Bb4 4.e3 O-O 5.Bd3 d5 6.Nf3 b6 7.O-O Bb7 8.cxd5 exd5
9.a3 Bd6 10.b4 Nbd7 11.Qb3 a6 12.a4 Re8 13.Bb2 c6 14.b5 c5 15.Bf5 c4 16.Qc2
Nf8 17.bxa6 Rxa6 18.Nb5 Ng6 19.Ne5 Bxe5 20.dxe5 Nxe5 21.Rfd1 Bc6 22.e4 Bxb5
23.axb5 Rxa1 24.Bxa1 g6 25.exd5 gxf5 26.Qxf5 Nfd7 27.f4 Ng6 28.Bc3 Qe7 29.Bd4
Qe2 30.Rf1 Qxg2+ 31.Kxg2 Nh4+ 32.Kf2 Nxf5 33.Bb2 Nc5 34.Rg1+ Kf8 35.Ba3 Nd6
{#R} 0-1

[Event "Ch Commonwealth"]
[Site "masterchessopen.com Mumbai (India)"]
[Round "8"]
[White "Sharma Dinesh K (IND)"]
[Black "Sherbakov Ruslan (RUS)"]
[Result "0-1"]
[WhiteElo "2386"]
[BlackElo "2555"]

1.d4 Nf6 2.c4 e6 3.Nc3 Bb4 4.e3 O-O 5.Bd3 d5 6.Nf3 b6 7.O-O Bb7 8.a3 Bd6 9.Qc2
c5 10.cxd5 exd5 11.b3 Nbd7 12.Bb2 Rc8 13.Rfc1 Re8 14.Bf5 Bb8 15.Qd1 Qe7 16.Rc2
Rcd8 17.g3 Ne4 18.dxc5 Nxc3 19.Bxc3 bxc5 20.b4 d4 21.exd4 cxd4 22.Bb2 Qf6
23.Bg4 Ne5 24.Nxe5 Rxe5 25.Bxd4 h5 26.Rd2 Qc6 27.Qf3 Red5 28.b5 hxg4 29.Qxg4
Qg6 30.Qxg6 fxg6 31.Rad1 Rxb5 32.Ra1 {#R} 0-1

[Event "It (w)"]
[Site "masterchessopen.com Krk (Croatia)"]
[Round "5"]
[White "Sargac Rajna (CRO)"]
[Black "Pokorna Regina (SVK)"]
[Result "0-1"]
[WhiteElo "2241"]
[BlackElo "2370"]

1.d4 Nf6 2.c4 e6 3.Nc3 Bb4 4.e3 d5 5.Nf3 O-O 6.Bd3 b6 7.O-O Bb7 8.a3 Bd6 9.b4
dxc4 10.Bxc4 Nbd7 11.Qe2 a5 12.Rb1 axb4 13.axb4 Qe7 14.b5 e5 15.h3 h6 16.Nh4
Ne4 17.Nf5 Qg5 18.Nxd6 Nxc3 19.Qg4 Qxg4 20.hxg4 cxd6 21.Rb3 Ne4 22.f3 Nef6
23.Ba3 Rfc8 {#R} 0-1

[Event "Memorial Narciso Yepes (open)"]
[Site "masterchessopen.com Lorca (Spain)"]
[Round "6"]
[White "Dimitrov Vladimir (BUL)"]
[Black "Kolev Atanas (BUL)"]
[Result "0-1"]
[WhiteElo "2434"]
[BlackElo "2524"]

{ Dimitrov Vladimir (BUL) +0 =1 -0 Kolev Atanas (BUL) +0 =1 -0 Dimitrov
Vladimir (BUL)-Kolev Atanas (BUL) +0 =1 -0 } 1.d4 Nf6 2.c4 e6 3.Nc3 Bb4 4.e3
O-O 5.Bd3 d5 6.Nf3 b6 7.O-O Bb7 8.a3 ( 8.cxd5 exd5 9.a3 Bd6 10.b4 a6 11.Qb3
Qe7 12.Bb2 Nbd7 13.Rfe1 Rab8 14.b5 axb5 15.Nxb5 c5 16.Bf5 c4 17.Qc2 g6 18.Bh3
Ne4 19.Bc3 Nxc3 20.Qxc3 Nf6 21.Nd2 Bc6 22.Nxd6 Qxd6 23.f3 Rfd8 24.Qb4 Qxb4
25.axb4 Ra8 26.g4 h6 27.Nf1 Bb5 { ...1/2-1/2, Dimitrov Vladimir 2459 - Kolev
Atanas 2540 , Sofia 3. 5.2004 Ch Bulgaria } ) 8...Bd6 ( 8...Bxc3 9.bxc3 dxc4
10.Bxc4 Nbd7 11.a4 c5 12.Ba3 Qc7 13.Be2 e5 14.c4 Rfe8 15.d5 e4 16.Nd2 Ne5
17.Bb2 Rad8 18.Re1 Bc8 19.Qb3 a5 20.f4 exf3 21.gxf3 Rd6 22.Kh1 Ba6 23.Qc3 Qd7
24.Rg1 Qf5 25.Rg2 Ng6 26.Bd3 Qh3 27.Bxg6 fxg6 28.Ne4 { ...0-1, Giddins Stephen
2345 - Christiansen Larry M 2590 , Antwerpen 1995 It (open) } ) 9.b3 { ?/= } (
9.b4 dxc4 10.Bxc4 Nbd7 11.Bb2 a5 12.b5 Qe7 13.Be2 Rad8 14.Qc2 e5 15.a4 Rfe8
16.Rad1 e4 17.Nd2 Nd5 18.Nxd5 Bxd5 19.Nc4 Nf8 20.Rde1 Ng6 21.f4 exf3 22.Bxf3
Bxf3 23.gxf3 Bb4 24.Rd1 Rd5 25.Kh1 Rh5 26.e4 Qd7 27.Rg1 Rh3 28.Ne5 Nxe5 {
...1-0, Shabalov Alexander 2590 - Benjamin Joel 2620 , Long Beach 1993 Ch USA
} ) 9...Nbd7 10.Nb5 ( 10.Bb2 a6 11.cxd5 exd5 12.Nh4 Re8 13.g3 c5 14.Re1 Bf8
15.Bf1 cxd4 16.exd4 Rxe1 17.Qxe1 g6 18.Ng2 Rc8 19.Ne3 b5 20.Bg2 Nb6 21.Ncd1
Ne4 22.f3 Nd6 23.Nf2 Qe7 24.Nd3 Re8 25.Ng4 Qxe1+ 26.Rxe1 Rxe1+ 27.Nxe1 a5
28.Nc2 a4 29.b4 Bg7 { ...1/2-1/2, Franic Milan 2415 - Korchnoi Viktor 2569 ,
Vienna 2003 It (open) } ) ( 10.cxd5 exd5 11.Nb5 Be7 12.Bb2 Ne4 { +0.26 CAP } )
10...Be7 ( 10...dxc4 11.Bxc4 Be7 12.a4 { -0.29 CAP } ) 11.Bb2 ( 11.cxd5 exd5
12.Bb2 Ne4 { +0.26 CAP } ) 11...a6 ( 11...c5 12.Re1 Ne4 13.cxd5 exd5 14.dxc5
Ndxc5 15.Bf1 a6 16.Nbd4 Bf6 17.b4 Ne6 18.Qb3 Rc8 19.Rac1 Qd7 20.Nxe6 fxe6
21.Bxf6 gxf6 22.Qb2 e5 23.Nd2 Nd6 24.g3 Rxc1 25.Rxc1 Rc8 26.Bg2 Kg7 27.h4 Rc7
28.Qa1 Nc4 29.Nxc4 Rxc4 30.Rd1 Qf5 31.Rd2 { ...1-0, Speelman Jonathan S 2605 -
Polugaevsky Lev A 2605 , Hastings 1993 It } ) ( 11...dxc4 12.bxc4 c5 13.Qe2
Re8 14.Rad1 a6 15.Nc3 cxd4 16.exd4 Qc7 17.Rfe1 Qf4 18.Ne5 Nxe5 19.dxe5 Ng4
20.g3 Qg5 21.Be4 Bxe4 22.Nxe4 Qh5 23.f3 Nh6 24.Rd7 Rac8 25.Red1 b5 26.cxb5
axb5 27.g4 Qg6 28.Kh1 Kh8 29.Rb7 Rc4 30.Rxb5 Ra4 31.Rb7 { ...0-1, Lukacs Peter
2490 - Almasi Zoltan 2620 , Hungary 1994 Ch Hungary (team) 1993/94 } ) 12.Nc3
Bd6 ( 12...c5 13.Qe2 Qc7 14.cxd5 exd5 15.Rac1 Rfe8 16.Rfd1 Bd6 17.Na4 Qd8
18.Bf5 g6 19.Bh3 h5 20.dxc5 bxc5 21.Bxf6 Nxf6 22.Nxc5 Bxc5 23.Rxc5 Qb6 24.Rcc1
Re7 25.Nd4 Rae8 26.g3 h4 27.Qf3 hxg3 28.hxg3 Ne4 29.b4 Kg7 30.Bg2 Rh8 31.Rc2
Rh5 32.Rdc1 { ...1-0, Nemet Ivan 2395 - Meyer Bernhard 2237 , Baden 1997 It
(open) "Stadtcazino" } ) ( 12...dxc4 13.Bxc4 c5 14.dxc5 b5 { -0.33 CAP } )
13.Re1 ( 13.Qe2 Ne4 14.Rfd1 Qe7 15.b4 Nxc3 16.Bxc3 dxc4 17.Bxc4 a5 18.bxa5
bxa5 19.a4 Nb6 20.Bb5 c6 21.Bd3 Nd5 22.Rdc1 Nxc3 23.Rxc3 Bb4 24.Rc4 Rac8
25.Rac1 g6 26.R4c2 c5 27.Ba6 Bxf3 28.Qxf3 { 1/2-1/2, Ibragimov Ildar 2567 -
Jakovenko Dmitry 2536 , Elista 2001 Ch Russia } ) ( 13.cxd5 exd5 14.Nh4 (
14.Qc2 { +0.48 CAP } ) 14...Re8 15.g3 c5 16.Re1 Bf8 17.Bf1 cxd4 18.exd4 Rxe1
19.Qxe1 g6 20.Ng2 Rc8 21.Ne3 b5 22.Bg2 Nb6 23.Ncd1 Ne4 24.f3 Nd6 25.Nf2 Qe7
26.Nd3 Re8 27.Ng4 Qxe1+ 28.Rxe1 Rxe1+ 29.Nxe1 a5 30.Nc2 a4 31.b4 Bg7 32.Nge3
Ndc4 { ...1/2-1/2, Franic Milan 2415 - Korchnoi Viktor 2569 , Vienna 2003 It
(open) } ) ( 13.Qc2 dxc4 14.bxc4 Bxf3 15.gxf3 c5 16.Ne4 Nxe4 17.Bxe4 Qh4 18.f4
Rad8 19.Rad1 cxd4 20.Rxd4 Bc5 21.Rd3 Nf6 22.Bg2 Rxd3 23.Qxd3 Ng4 24.h3 Rd8
25.Qc3 Nf6 26.Qc2 { 1/2-1/2, Bernal Moro Luis Javier 2390 - Morovic Fernandez
Ivan 2585 , Spain 1994 Ch Spain (team) } ) 13...Ne4 ( 13...c5 14.cxd5 cxd4
15.Nxd4 Nxd5 16.Nxd5 { 1/2-1/2, Lukacs Peter 2488 - Chernin Alexander 2572 ,
Austria 2000 Staatsliga 2000/01 } ) ( 13...dxc4 14.Bxc4 b5 15.Bf1 { -0.44 CAP
} ) 14.Qc2 ( 14.b4 Nxc3 { +0.22 CAP } 15.Bxc3 dxc4 16.Bxc4 Qe7 17.e4 e5 18.Qd3
Kh8 19.Rad1 b5 20.Bd5 c6 21.Bb3 Rad8 22.Qe3 f6 23.Nh4 g6 24.Qh3 Kg7 25.Nf3
Rfe8 26.Qh4 exd4 27.Nxd4 Nf8 28.Nf3 Nd7 29.Ng5 { 1-0, Franic Milan 2415 -
Zufic Zeljko 2210 , Pula 2003 It (open) } ) ( 14.Ne2 Qe7 15.Ng3 f5 16.b4 Ndf6
17.cxd5 Ng4 18.Nh1 Bxd5 19.h3 Nh6 20.Qc2 g5 21.Ne5 Nf6 22.f3 Bxe5 23.dxe5 Ne8
24.e4 fxe4 25.fxe4 Bb7 26.Rf1 Rxf1+ 27.Rxf1 c5 28.bxc5 Qxc5+ 29.Qxc5 bxc5
30.Bc4 Ng7 31.Ng3 Nf7 32.Nf5 exf5 33.exf5 Re8 { ...1-0, Sherbakov Ruslan 2510
- Rantanen Yrjo A 2349 , Jyvaskyla 1994 It "Heart of Finland" } ) 14...f5 (
14...Nxc3 15.Bxc3 dxc4 16.bxc4 { -0.48 CAP } ) 15.Rad1 ( 15.Ne2 Ndf6 ( 15...f4
{ +0.52 CAP } ) 16.h3 Nh5 17.cxd5 { 1/2-1/2, Sherbakov Ruslan 2555 -
Shariyazdanov Andrey 2530 , Maikop 1998 Ch Russia (club) } ) 15...Qe7 16.b4
Nxc3 17.Qxc3 dxc4 18.Bxc4 Bxf3 19.gxf3 Kh8 { N } ( 19...b5 20.Bb3 Kh8 21.f4
Nf6 22.d5 Ne4 23.Qd4 e5 24.fxe5 Qh4 25.f4 Qf2+ 26.Kh1 Qf3+ 27.Kg1 Nf2 28.h3
Be7 29.e6 Rf6 { 0-1, Ovod Evgenija 2356 - Shariyazdanov Andrey 2530 , Tula
2001 Cup Russia (open) } ) 20.Bf1 Qh4 21.f4 Nf6 22.Qc6 Rg8 23.Qf3 { ?! } (
23.Bg2 { !? } 23...Ng4 24.Qf3 Qxh2+ 25.Kf1 { } ) 23...g5 24.Bg2 Nd5 25.Kh1 { ?
} ( 25.e4 { ! } 25...fxe4 26.Rxe4 Raf8 27.Rde1 { } ) 25...gxf4 26.exf4 Rg6
27.Bh3 Rh6 28.Rd3 Rg8 29.Bc1 Rhg6 30.Rf1 Bxf4 31.Bxf4 Nxf4 32.Rb3 Qg5 { -7.00
CAP } {#R} 0-1

[Event "It (open) \"]
[Site "masterchessopen.com Moscow (Russia)"]
[Date "2004.02.17"]
[Round "1"]
[White "Ramirez Alejandro (CRC)"]
[Black "Sadvakasov Darmen (KAZ)"]
[Result "0-1"]
[WhiteElo "2519"]
[BlackElo "2631"]

1.d4 Nf6 2.c4 e6 3.Nc3 Bb4 4.e3 O-O 5.Nf3 d5 6.Bd3 b6 7.O-O Bb7 8.cxd5 exd5
9.Ne5 Bd6 10.f4 c5 11.Rf3 Nc6 12.Nxd5 Bxe5 13.fxe5 Qxd5 14.exf6 g6 15.b3 Nxd4
16.Rf2 Ne6 17.Qf1 Rfd8 18.Bc4 Qe4 19.Bb2 Ng5 20.Kh1 Nh3 21.Rf3 Rd2 22.Bc3 Rxg2
23.Qxg2 Qxf3 24.Bf1 Qf2 {#R} 0-1

[Event "Ch Norway (open)"]
[Site "masterchessopen.com Oslo (Norway)"]
[Date "2004.04.06"]
[Round "4"]
[White "Johansson Victoria (SWE)"]
[Black "Bjerke Richard (NOR)"]
[Result "1-0"]
[WhiteElo "2189"]
[BlackElo "2262"]

1.d4 Nf6 2.c4 e6 3.Nc3 Bb4 4.e3 O-O 5.Bd3 d5 6.Nf3 b6 7.O-O Bb7 8.cxd5 exd5
9.Qc2 Re8 10.Ne5 Bd6 11.f4 c5 12.Bd2 Nc6 13.Ne2 Ne7 14.Ng3 Rc8 15.Bc3 c4
16.Be2 b5 17.Qd2 Ne4 18.Nxe4 dxe4 19.Ba5 Bc7 20.Bxc7 Qxc7 21.a4 f6 22.Ng4 a6
23.axb5 axb5 24.Ra5 Qd7 25.Rfa1 Nc6 26.R5a2 Qd5 27.Qe1 Ra8 28.Rxa8 Rxa8
29.Rxa8+ Bxa8 30.Qh4 h5 31.Nf2 Nxd4 32.Bxh5 Nf5 33.Qg4 Nxe3 34.Qc8+ Kh7 35.Qh3
Kg8 36.Bg6 {#r} 1-0

[Event "It (open) (b)"]
[Site "masterchessopen.com Ditzingen (Germany)"]
[Date "2004.05.20"]
[Round "2"]
[White "Jehle Edgar"]
[Black "Lerch Matthias (GER)"]
[Result "0-1"]
[WhiteElo "1482"]
[BlackElo "1787"]

1.c4 e6 2.d4 d5 3.Nc3 Bb4 4.e3 Nf6 5.Bd3 O-O 6.Nf3 b6 7.Bd2 Bb7 8.a3 Bd6 9.b4
Nbd7 10.c5 Be7 11.O-O c6 12.Qc2 Re8 13.Ne2 Bf8 14.Bc3 Qc7 15.Ng3 Be7 16.Ne5
Bd8 17.f4 Qc8 18.Qe2 a5 19.Ng4 Ba6 20.Nxf6+ Nxf6 21.b5 cxb5 22.Bxb5 bxc5
23.Bxa6 Qxa6 24.Qxa6 Rxa6 25.dxc5 Rc6 26.Bd4 Be7 27.Rfc1 Rec8 28.Rab1 Nd7
29.Rb5 Bxc5 30.Rxa5 Bxd4 31.Rxc6 Bxe3+ 32.Kf1 Rxc6 33.Ke2 Bxf4 34.Ra7 Rc7
35.Ra4 Bxg3 36.hxg3 Kf8 37.Kd3 Nc5+ {#R} 0-1

[Event "It (open)"]
[Site "masterchessopen.com Ditzingen (Germany)"]
[Date "2004.05.22"]
[Round "5"]
[White "Nabavi Parwis (SUI)"]
[Black "Sax Hans (GER)"]
[Result "1-0"]
[WhiteElo "2182"]
[BlackElo "1979"]

1.d4 Nf6 2.c4 e6 3.Nc3 Bb4 4.e3 O-O 5.Bd3 d5 6.Nf3 b6 7.cxd5 Nxd5 8.Qc2 h6
9.e4 Nxc3 10.bxc3 Be7 11.O-O Bb7 12.Be3 Nd7 13.Rad1 Qc8 14.Qe2 c5 15.Rfe1 Nf6
16.Bd2 Re8 17.Qe3 Qc7 18.e5 Nd5 19.Qe4 g6 20.Qg4 Bf8 21.Qh3 Bg7 22.Rc1 h5
23.Bg5 Rac8 24.Bb5 Bc6 25.Bf1 Ne7 26.Nd2 Qb7 27.Qd3 Nf5 28.f3 cxd4 29.cxd4 Bh6
30.Bxh6 Nxh6 31.Ne4 Bxe4 32.fxe4 Kg7 33.Rcd1 Rcd8 34.d5 exd5 35.exd5 Nf5
36.Qb3 Qc7 37.Rc1 Qb7 38.d6 Rd7 39.Qb2 Rdd8 40.Bb5 Re6 41.Rc7 Qb8 42.Bc4 Nxd6
43.exd6+ Rf6 44.Rxf7+ {#r} 1-0

[Event "Ch Belgium"]
[Site "masterchessopen.com Westerlo (Belgium)"]
[Round "5"]
[White "Sadkowsky Daniel (BEL)"]
[Black "Mohandesi Shahin (IRI)"]
[Result "0-1"]
[WhiteElo "2332"]
[BlackElo "2332"]

1.d4 Nf6 2.c4 e6 3.Nf3 d5 4.Nc3 Bb4 5.e3 O-O 6.Bd3 b6 7.O-O Bb7 8.a3 Bd6 9.b4
dxc4 10.Bxc4 a5 11.b5 Nbd7 12.Be2 Qe7 13.Nd2 e5 14.Nc4 exd4 15.exd4 Nd5
16.Nxd5 Bxd5 17.Nxd6 Qxd6 18.a4 Rfe8 19.Ba3 Qf4 20.Bc1 Qf6 21.Be3 c6 22.Re1
Qg6 23.Bf3 Bxf3 24.Qxf3 cxb5 25.axb5 Qd3 26.Qc6 Nf6 27.Rad1 Qf5 28.d5 Rec8
29.Qxb6 Nxd5 30.Qb7 Nc3 31.Rc1 Qxb5 32.Qf3 Qd3 33.h3 a4 34.Kh1 a3 35.Qg4 Qg6
36.Bd4 Qxg4 37.hxg4 Nb5 38.Ba1 Rxc1 39.Rxc1 h6 40.f3 Ra7 41.Kh2 Rc7 42.Rb1 Rc5
43.Rb4 f6 44.Kg3 Kf7 45.Kf4 Ke6 46.Ke3 Kd6 47.Kd3 Kc6 48.f4 Kb7 49.g5 hxg5
50.fxg5 Rxg5 {#R} 0-1

[Event "It (open)"]
[Site "masterchessopen.com Balatonlelle (Hungary)"]
[Date "2004.07.26"]
[Round "8"]
[White "Jakab Attila (HUN)"]
[Black "Szabo Zsolt Jozsef (HUN)"]
[Result "1-0"]
[WhiteElo "2402"]
[BlackElo "2439"]

1.d4 Nf6 2.c4 e6 3.Nc3 Bb4 4.e3 O-O 5.Bd3 d5 6.Nf3 b6 7.O-O Bb7 8.Bd2 Be7
9.Qc2 c5 10.dxc5 bxc5 11.e4 dxc4 12.Bxc4 Nc6 13.Rad1 Nd4 14.Qd3 Nxf3+ 15.Qxf3
Qd4 16.Qe2 Qe5 17.f4 Qc7 18.e5 Nd7 19.f5 exf5 20.Nd5 Bxd5 21.Bxd5 Rad8 22.Bf4
Nb6 23.e6 Bd6 24.Bxd6 Rxd6 25.e7 Re8 26.Bxf7+ Kxf7 27.Rxf5+ Rf6 28.Rxf6+ gxf6
29.Qh5+ Kxe7 30.Qxh7+ {#r} 1-0

[Event "Ch Argentina"]
[Site "masterchessopen.com Buenos Aires (Argentina)"]
[Date "2004.10.01"]
[Round "9"]
[White "Perez Mario Abel (ARG)"]
[Black "Lo Presti Roberto (ARG)"]
[Result "1-0"]
[WhiteElo "1982"]
[BlackElo "2068"]

1.d4 Nf6 2.c4 e6 3.Nc3 Bb4 4.e3 O-O 5.Bd3 d5 6.Nf3 b6 7.a3 Bxc3+ 8.bxc3 Ba6
9.cxd5 Bxd3 10.Qxd3 Qxd5 11.O-O Nbd7 12.Nd2 Nc5 13.Qe2 Nce4 14.c4 Qb7 15.Qf3
Rab8 16.Rb1 c5 17.a4 Nc3 18.Qxb7 Rxb7 19.Rb3 cxd4 20.Ba3 Rd8 21.Nf3 Rc7
22.Nxd4 Nxa4 23.Rc1 Nc5 24.Rbb1 Nce4 25.f3 Nd2 26.Rb2 Nxc4 27.Rbc2 Rxd4
28.exd4 b5 29.Bc5 Nd5 30.Kf2 f6 31.g3 Kf7 32.f4 g6 33.h3 a6 34.Kf3 Rc6 35.g4
a5 36.h4 a4 37.g5 f5 38.h5 Rc8 39.hxg6+ hxg6 40.Rh1 Rg8 41.Rb1 Rh8 42.Kg3 Nde3
43.Ra2 Ng4 44.Rxb5 Rh1 45.d5 exd5 46.Rxa4 Re1 47.Ra7+ {#r} 1-0